<?xml version="1.0" encoding="UTF-8"?><?xml-stylesheet type="text/xsl" href="static/style.xsl"?><OAI-PMH xmlns="http://www.openarchives.org/OAI/2.0/" xmlns:xsi="http://www.w3.org/2001/XMLSchema-instance" xsi:schemaLocation="http://www.openarchives.org/OAI/2.0/ http://www.openarchives.org/OAI/2.0/OAI-PMH.xsd"><responseDate>2026-04-29T04:10:21Z</responseDate><request verb="GetRecord" identifier="oai:repisalud.isciii.es:20.500.12105/23588" metadataPrefix="marc">https://repisalud.isciii.es/rest/oai/request</request><GetRecord><record><header><identifier>oai:repisalud.isciii.es:20.500.12105/23588</identifier><datestamp>2024-11-28T21:59:17Z</datestamp><setSpec>com_20.500.12105_15322</setSpec><setSpec>com_20.500.12105_2051</setSpec><setSpec>col_20.500.12105_16967</setSpec></header><metadata><record xmlns="http://www.loc.gov/MARC21/slim" xmlns:dcterms="http://purl.org/dc/terms/" xmlns:doc="http://www.lyncode.com/xoai" xmlns:xsi="http://www.w3.org/2001/XMLSchema-instance" xsi:schemaLocation="http://www.loc.gov/MARC21/slim http://www.loc.gov/standards/marcxml/schema/MARC21slim.xsd">
   <leader>00925njm 22002777a 4500</leader>
   <datafield ind2=" " ind1=" " tag="042">
      <subfield code="a">dc</subfield>
   </datafield>
   <datafield ind2=" " ind1=" " tag="720">
      <subfield code="a">Ledesma-Corvi, Sandra</subfield>
      <subfield code="e">author</subfield>
   </datafield>
   <datafield ind2=" " ind1=" " tag="720">
      <subfield code="a">García-Fuster, M Julia</subfield>
      <subfield code="e">author</subfield>
   </datafield>
   <datafield ind2=" " ind1=" " tag="260">
      <subfield code="c">2023-09-25</subfield>
   </datafield>
   <datafield ind2=" " ind1=" " tag="520">
      <subfield code="a">Background: We recently showed sex differences in the antidepressant-like potential of electroconvulsive seizures (ECS) in adolescent rats; whereas it worked for male rats, it was inefficacious in females. Because sex steroids might be important modulators of these sex disparities, we evaluated the role of estrogens in the differential response induced by adolescent ECS. Moreover, given the literature suggesting certain cognitive sequelae from ECS exposure, we aimed at evaluating its long-term safety profile in adulthood. Methods: Adolescent Sprague-Dawley rats were pretreated with letrozole (1 mg/kg/day) or vehicle (1 mL/kg/day) for 8 days (i.p.) and treated during the last 5 days (3 hours later) with ECS (95 mA, 0.6 s, 100 Hz) or SHAM. Antidepressant-like responses were measured in the forced swim test, and long-term cognitive performance was assessed in the Barnes maze. Results: During adolescence, whereas ECS alone exerted an antidepressant-like response in male rats, its combination with letrozole permitted ECS to also induce efficacy in females. Moreover, adolescent ECS treatment improved cognitive performance in adulthood although exclusively in male rats.Conclusions: Adolescent ECS demonstrated an antidepressant-like potential together with certain long-term beneficial cognitive effects but exclusively in male rats. For females, efficacy was restricted to a situation in which the biosynthesis of estrogens was reduced. Therefore, estrogens and/or testosterone levels play a crucial role in the sex disparities induced by ECS in Sprague-Dawley rats. Based on this study and on the literature supporting its safety, ECS should be encouraged for use in cases of treatment-resistant depression during adolescence, while adhering to sex-specific considerations.</subfield>
   </datafield>
   <datafield ind1="8" ind2=" " tag="024">
      <subfield code="a">Ledesma-Corvi S, García-Fuster MJ. Aromatase Inhibition and Electroconvulsive Seizures in Adolescent Rats: Antidepressant and Long-Term Cognitive Sex Differences. Int J Neuropsychopharmacol. 2023 Sep 25;26(9):607-15.</subfield>
   </datafield>
   <datafield ind1="8" ind2=" " tag="024">
      <subfield code="a">https://hdl.handle.net/20.500.13003/19975</subfield>
   </datafield>
   <datafield ind1="8" ind2=" " tag="024">
      <subfield code="a">https://hdl.handle.net/20.500.12105/23588</subfield>
   </datafield>
   <datafield ind1="8" ind2=" " tag="024">
      <subfield code="a">37559395</subfield>
   </datafield>
   <datafield ind1="8" ind2=" " tag="024">
      <subfield code="a">10.1093/ijnp/pyad047</subfield>
   </datafield>
   <datafield ind1="8" ind2=" " tag="024">
      <subfield code="a">1469-5111</subfield>
   </datafield>
   <datafield ind1="8" ind2=" " tag="024">
      <subfield code="a">The international journal of neuropsychopharmacology</subfield>
   </datafield>
   <datafield ind1="8" ind2=" " tag="024">
      <subfield code="a">2-s2.0-85172712575</subfield>
   </datafield>
   <datafield ind1="8" ind2=" " tag="024">
      <subfield code="a">1080026700002</subfield>
   </datafield>
   <datafield ind1="8" ind2=" " tag="024">
      <subfield code="a">L2027827070</subfield>
   </datafield>
   <datafield ind2="0" ind1="0" tag="245">
      <subfield code="a">Aromatase Inhibition and Electroconvulsive Seizures in Adolescent Rats: Antidepressant and Long-Term Cognitive Sex Differences</subfield>
   </datafield>
</record></metadata></record></GetRecord></OAI-PMH>